Private Peaceful (Запис № 18034)
[ простий вигляд ]
| 000 -Маркер запису | |
|---|---|
| Контрольне поле сталої довжини | 01549nam a22002297a 4500 |
| 003 - Належність контрольного номера | |
| Контрольне поле | Uzh_bibl |
| 008 - Кодовані дані | |
| Контрольне поле сталої довжини | 260525b |||||||| |||| 00| 0 ukr d |
| 020 ## - Індекс ISBN | |
| ISBN | 978-0-00-787475-0 |
| Ціна | 100.00 |
| 040 ## - Джерело каталогіз. | |
| Код мови каталог. | укр. |
| 041 ## - Код мови видання | |
| Код мови оригіналу | англійська |
| Код мови тексту | англійська |
| 080 ## - Індекс УДК | |
| Індекс УДК | 821(410) |
| 090 ## - Шифри | |
| Поличний індекс | 821(410) |
| Авторський знак | М 83 |
| 100 ## - Автор | |
| Автор | Morpurgo, Michael |
| 245 ## - Назва | |
| Назва | Private Peaceful |
| Фізичний носій | Text |
| 260 ## - Вихідні дані | |
| Місце видання | London |
| Видавництво | HarperCollinsChildren’sBooks |
| Дата видання | 2004 |
| 300 ## - Фізичний опис | |
| Обсяг | 184 s. |
| Ілл./тип відтвор. | il. |
| 520 ## - Анотація | |
| Анотація | Героїзм чи боягузтво? Вражаюча історія Першої світової війни від майстра-оповідача.<br/><br/>Розказана голосом молодого солдата, історія розповідає про 24 години його життя на фронті під час Першої світової війни та передає його спогади, коли він озирається на своє життя. Сповнена вражаюче досліджених деталей і захопливої атмосфери, книга веде до драматичного та зворушливого фіналу.<br/><br/>Це і любовна історія, і глибоко зворушлива розповідь про жахи Першої світової війни, ця книга охопить усіх віком від 9 до 90 років. |
| 521 ## - Примітка про цільове призначення | |
| Примітка про цільове призначення | Для підлітків |
| 546 ## - Примітка про мову | |
| Примітка про мову | укр. |
| 650 ## - Тематичні рубрики | |
| Основна рубрика | Літературно-художне видання |
| 942 ## - ADDED ENTRY ELEMENTS (KOHA) | |
| Джерело класифікації чи схема поличного розташування | |
| Koha item type | Книги |
| Статус вилучення | Статус втрати/відсутності | Джерело класифікації чи схема поличного розташування | Статус пошкодження | Тип обігу (не для випозичання) | Постійне розташування | Поточне розташування | Дата надходження | Джерело надходження (постачальник) | Інвентарний номер | Total Checkouts | Повний (примірниковий) шифр зберігання | Штрих-код | Date last seen | Дата, для якої чинна ціна заміни | Тип одиниці (рівень примірника) |
|---|---|---|---|---|---|---|---|---|---|---|---|---|---|---|---|
| Бібліотека-філія № 1 для дітей | Бібліотека-філія № 1 для дітей | 23/04/2026 | Подаровані | 80883 | 821(410) | 19450 | 01/06/2026 | 01/06/2026 | Книги |